000 00514nam a2200193Ia 4500
008 151121s9999||||xx |||||||||||||| ||und||
082 _a813/खान
082 _bHNW-115895
100 _aखान राजन
245 _aजमीन
260 _b"मैत्रेय प्रकाशन, पुणे।"
260 _c2014
300 _a160
600 _aखान राजन
630 _aजमीन
700 _aखान राजन
730 _aजमीन
942 _cBOOK
999 _c1264589
_d1264586